[Event "ODJM A 2023"]
[Site "Willingen GER"]
[Date "2023.05.28"]
[Round "2"]
[White "Köhler, Lukas"]
[Black "Meyer, Emil"]
[Result "1/2-1/2"]
[Termination "normal"]
[Board "13"]
[WhiteElo "2078"]
[BlackElo "1825"]
[WhiteClock "00:00:35"]
[BlackClock "00:38:17"]
[PlyCount "121"]
[WhiteFideId "16221990"]
[BlackFideId "34625771"]
[EventCountry "GER"]
[EventRounds "9"]
[EventType "swiss"]
[EventDate "2023.05.27"]

1. d4 {[%clk 01:30:55]} {[%emt 00:00:04]} d5 {[%clk 01:30:52]} {[%emt
00:00:09]} 2. c4 {[%clk 01:29:59]} {[%emt 00:01:26]} dxc4 {[%clk 01:31:01]}
{[%emt 00:00:20]} 3. e3 {[%clk 01:23:37]} {[%emt 00:06:53]} Nf6 {[%clk
01:31:21]} {[%emt 00:00:09]} 4. Bxc4 {[%clk 01:17:11]} {[%emt 00:06:57]} e6
{[%clk 01:31:44]} {[%emt 00:00:07]} 5. Nf3 {[%clk 01:16:58]} {[%emt 00:00:42]}
c5 {[%clk 01:32:08]} {[%emt 00:00:07]} 6. O-O {[%clk 01:16:37]} {[%emt
00:00:52]} a6 {[%clk 01:32:34]} {[%emt 00:00:04]} 7. a4 {[%clk 01:10:30]}
{[%emt 00:06:36]} Nc6 {[%clk 01:32:38]} {[%emt 00:00:25]} 8. Nc3 {[%clk
01:08:39]} {[%emt 00:02:23]} cxd4 {[%clk 01:30:59]} {[%emt 00:02:08]} 9. exd4
{[%clk 01:08:45]} {[%emt 00:00:25]} Be7 {[%clk 01:31:24]} {[%emt 00:00:05]} 10.
Be3 {[%clk 01:03:44]} {[%emt 00:05:31]} Nb4 {[%clk 01:28:02]} {[%emt 00:03:50]}
11. Ne5 {[%clk 00:59:48]} {[%emt 00:04:29]} O-O {[%clk 01:26:21]} {[%emt
00:02:08]} 12. Rc1 {[%clk 00:56:09]} {[%emt 00:04:11]} Nfd5 {[%clk 01:22:54]}
{[%emt 00:03:56]} 13. Qf3 {[%clk 00:50:48]} {[%emt 00:05:52]} Bf6 {[%clk
01:17:42]} {[%emt 00:05:42]} 14. Bd2 {[%clk 00:37:15]} {[%emt 00:14:03]} Nxc3
{[%clk 01:13:58]} {[%emt 00:04:13]} 15. Qxc3 {[%clk 00:29:07]} {[%emt
00:08:38]} Nd5 {[%clk 01:13:29]} {[%emt 00:00:58]} 16. Qb3 {[%clk 00:24:59]}
{[%emt 00:04:37]} Qd6 {[%clk 00:59:43]} {[%emt 00:14:17]} 17. Rfe1 {[%clk
00:19:38]} {[%emt 00:05:52]} Rb8 {[%clk 00:56:29]} {[%emt 00:03:44]} 18. Bxd5
{[%clk 00:10:31]} {[%emt 00:09:38]} Qxd5 {[%clk 00:55:50]} {[%emt 00:01:08]}
19. Qxd5 {[%clk 00:10:55]} {[%emt 00:00:07]} exd5 {[%clk 00:56:15]} {[%emt
00:00:04]} 20. Bb4 {[%clk 00:10:08]} {[%emt 00:01:17]} Re8 {[%clk 00:55:41]}
{[%emt 00:01:04]} 21. Bd6 {[%clk 00:09:24]} {[%emt 00:01:14]} Ra8 {[%clk
00:55:57]} {[%emt 00:00:14]} 22. Rc7 {[%clk 00:03:34]} {[%emt 00:06:20]} b5
{[%clk 00:48:01]} {[%emt 00:08:26]} 23. Ra1 {[%clk 00:01:27]} {[%emt 00:02:37]}
Be6 {[%clk 00:46:06]} {[%emt 00:02:25]} 24. Rb7 {[%clk 00:01:51]} {[%emt
00:00:05]} bxa4 {[%clk 00:44:40]} {[%emt 00:01:56]} 25. Rxa4 {[%clk 00:02:12]}
{[%emt 00:00:10]} Rec8 {[%clk 00:44:19]} {[%emt 00:00:50]} 26. h3 {[%clk
00:01:17]} {[%emt 00:01:25]} h6 {[%clk 00:43:17]} {[%emt 00:01:32]} 27. Rb6
{[%clk 00:00:54]} {[%emt 00:00:55]} a5 {[%clk 00:42:15]} {[%emt 00:01:30]} 28.
g4 {[%clk 00:00:44]} {[%emt 00:00:40]} Bxe5 {[%clk 00:40:34]} {[%emt 00:02:10]}
29. Bxe5 {[%clk 00:00:39]} {[%emt 00:00:35]} Bd7 {[%clk 00:39:18]} {[%emt
00:01:47]} 30. Ra3 {[%clk 00:01:06]} {[%emt 00:00:02]} a4 {[%clk 00:38:38]}
{[%emt 00:01:10]} 31. Rb7 {[%clk 00:00:48]} {[%emt 00:00:48]} Be6 {[%clk
00:38:01]} {[%emt 00:01:08]} 32. Kg2 {[%clk 00:00:32]} {[%emt 00:00:46]} Kh7
{[%clk 00:38:08]} {[%emt 00:00:23]} 33. Bd6 {[%clk 00:00:37]} {[%emt 00:00:26]}
Kg6 {[%clk 00:37:15]} {[%emt 00:01:21]} 34. Kg3 {[%clk 00:00:43]} {[%emt
00:00:24]} Ra6 {[%clk 00:36:37]} {[%emt 00:01:08]} 35. Bc5 {[%clk 00:00:42]}
{[%emt 00:00:31]} Raa8 {[%clk 00:36:54]} {[%emt 00:00:13]} 36. f4 {[%clk
00:00:49]} {[%emt 00:00:23]} f5 {[%clk 00:35:15]} {[%emt 00:02:09]} 37. Re3
{[%clk 00:00:34]} {[%emt 00:00:46]} Re8 {[%clk 00:34:35]} {[%emt 00:01:09]} 38.
Rb6 {[%clk 00:00:46]} {[%emt 00:00:17]} Kf7 {[%clk 00:34:43]} {[%emt 00:00:23]}
39. Re5 {[%clk 00:00:33]} {[%emt 00:00:44]} g6 {[%clk 00:32:08]} {[%emt
00:03:04]} 40. Rb7+ {[%clk 00:00:44]} {[%emt 00:00:19]} Kg8 {[%clk 00:31:36]}
{[%emt 00:01:02]} 41. Be7 {[%clk 00:24:45]} {[%emt 00:06:29]} Bc8 {[%clk
00:58:10]} {[%emt 00:03:57]} 42. Rb5 {[%clk 00:20:04]} {[%emt 00:05:09]} Ra7
{[%clk 00:56:12]} {[%emt 00:02:30]} 43. Bd6 {[%clk 00:17:11]} {[%emt 00:03:22]}
Rxe5 {[%clk 00:55:03]} {[%emt 00:01:40]} 44. fxe5 {[%clk 00:16:41]} {[%emt
00:01:01]} Rb7 {[%clk 00:54:53]} {[%emt 00:00:40]} 45. Rxd5 {[%clk 00:06:32]}
{[%emt 00:10:40]} Rb3+ {[%clk 00:54:48]} {[%emt 00:00:34]} 46. Kf2 {[%clk
00:03:12]} {[%emt 00:03:47]} Rxb2+ {[%clk 00:54:36]} {[%emt 00:00:44]} 47. Ke3
{[%clk 00:03:21]} {[%emt 00:00:20]} fxg4 {[%clk 00:51:42]} {[%emt 00:03:26]}
48. hxg4 {[%clk 00:03:14]} {[%emt 00:00:38]} Bxg4 {[%clk 00:51:57]} {[%emt
00:00:14]} 49. Ra5 {[%clk 00:03:31]} {[%emt 00:00:13]} Be6 {[%clk 00:43:18]}
{[%emt 00:09:09]} 50. d5 {[%clk 00:02:40]} {[%emt 00:01:21]} Bxd5 {[%clk
00:41:21]} {[%emt 00:02:27]} 51. Rxd5 {[%clk 00:03:09]} {[%emt 00:00:01]} Kf7
{[%clk 00:41:44]} {[%emt 00:00:08]} 52. Ra5 {[%clk 00:03:12]} {[%emt 00:00:26]}
Ra2 {[%clk 00:40:59]} {[%emt 00:01:15]} 53. Ra6 {[%clk 00:02:11]} {[%emt
00:01:31]} Ke6 {[%clk 00:39:53]} {[%emt 00:01:36]} 54. Bb8+ {[%clk 00:02:20]}
{[%emt 00:00:21]} Kd7 {[%clk 00:39:32]} {[%emt 00:00:50]} 55. Rxg6 {[%clk
00:01:52]} {[%emt 00:01:00]} Ra1 {[%clk 00:39:14]} {[%emt 00:00:48]} 56. Ra6
{[%clk 00:00:33]} {[%emt 00:01:49]} a3 {[%clk 00:39:13]} {[%emt 00:00:31]} 57.
Kf2 {[%clk 00:00:32]} {[%emt 00:00:31]} a2 {[%clk 00:38:47]} {[%emt 00:00:55]}
58. Kg2 {[%clk 00:00:32]} {[%emt 00:00:30]} Rb1 {[%clk 00:37:55]} {[%emt
00:01:22]} 59. Rxa2 {[%clk 00:00:35]} {[%emt 00:00:27]} Rxb8 {[%clk 00:38:17]}
{[%emt 00:00:09]} 60. Ra6 {[%emt 00:00:40]} Rb1 {[%emt 00:00:03]} 61. e6+
{[%emt 00:00:17]} *

[Event "ODJM A 2023"]
[Site "Willingen GER"]
[Date "2023.05.28"]
[Round "2"]
[White "Paeslack, Luis"]
[Black "Savchenko, Daniel"]
[Result "1/2-1/2"]
[Termination "normal"]
[Board "14"]
[WhiteElo "1887"]
[BlackElo "2104"]
[WhiteClock "00:05:40"]
[BlackClock "00:16:19"]
[PlyCount "58"]
[WhiteFideId "12987760"]
[BlackFideId "12919195"]
[EventCountry "GER"]
[EventRounds "9"]
[EventType "swiss"]
[EventDate "2023.05.27"]

1. d4 {[%clk 01:30:58]} {[%emt 00:00:01]} d5 {[%clk 01:30:51]} {[%emt
00:00:09]} 2. c4 {[%clk 01:31:10]} {[%emt 00:00:18]} e6 {[%clk 01:31:14]}
{[%emt 00:00:08]} 3. Nc3 {[%clk 01:31:34]} {[%emt 00:00:05]} Nf6 {[%clk
01:31:36]} {[%emt 00:00:08]} 4. cxd5 {[%clk 01:30:57]} {[%emt 00:01:08]} exd5
{[%clk 01:31:57]} {[%emt 00:00:09]} 5. Bg5 {[%clk 01:31:12]} {[%emt 00:00:15]}
Be7 {[%clk 01:32:16]} {[%emt 00:00:11]} 6. e3 {[%clk 01:31:12]} {[%emt
00:00:30]} c6 {[%clk 01:32:08]} {[%emt 00:00:38]} 7. Bd3 {[%clk 01:31:13]}
{[%emt 00:00:29]} Nbd7 {[%clk 01:32:06]} {[%emt 00:00:32]} 8. Nf3 {[%clk
01:30:10]} {[%emt 00:01:32]} O-O {[%clk 01:32:18]} {[%emt 00:00:18]} 9. Qc2
{[%clk 01:28:49]} {[%emt 00:01:51]} Re8 {[%clk 01:30:11]} {[%emt 00:02:38]} 10.
O-O {[%clk 01:28:36]} {[%emt 00:00:43]} Nf8 {[%clk 01:30:29]} {[%emt 00:00:12]}
11. h3 {[%clk 01:26:52]} {[%emt 00:02:13]} g6 {[%clk 01:30:02]} {[%emt
00:00:57]} 12. Rab1 {[%clk 01:22:21]} {[%emt 00:05:01]} Ne6 {[%clk 01:27:45]}
{[%emt 00:02:48]} 13. Bh6 {[%clk 01:13:11]} {[%emt 00:09:39]} Ng7 {[%clk
01:25:32]} {[%emt 00:02:42]} 14. b4 {[%clk 01:00:26]} {[%emt 00:13:16]} a6
{[%clk 01:21:43]} {[%emt 00:04:19]} 15. Bxg7 {[%clk 00:49:29]} {[%emt
00:11:27]} Kxg7 {[%clk 01:17:20]} {[%emt 00:04:53]} 16. a4 {[%clk 00:48:09]}
{[%emt 00:01:51]} Bd6 {[%clk 01:13:58]} {[%emt 00:03:52]} 17. b5 {[%clk
00:44:51]} {[%emt 00:03:47]} axb5 {[%clk 01:14:14]} {[%emt 00:00:14]} 18. axb5
{[%clk 00:45:14]} {[%emt 00:00:07]} Ra3 {[%clk 01:10:07]} {[%emt 00:04:37]} 19.
Ra1 {[%clk 00:31:59]} {[%emt 00:13:45]} Qa5 {[%clk 01:07:44]} {[%emt 00:02:53]}
20. Rxa3 {[%emt 00:02:41]} Qxa3 {[%clk 01:07:47]} {[%emt 00:00:23]} 21. bxc6
{[%clk 00:29:50]} {[%emt 00:00:31]} bxc6 {[%clk 01:08:03]} {[%emt 00:00:14]}
22. e4 {[%clk 00:27:08]} {[%emt 00:03:11]} dxe4 {[%clk 01:04:14]} {[%emt
00:04:19]} 23. Nxe4 {[%clk 00:25:51]} {[%emt 00:01:46]} Nxe4 {[%clk 00:55:52]}
{[%emt 00:08:53]} 24. Bxe4 {[%clk 00:26:14]} {[%emt 00:00:07]} c5 {[%clk
00:46:25]} {[%emt 00:09:56]} 25. dxc5 {[%clk 00:18:39]} {[%emt 00:08:06]} Bxc5
{[%clk 00:41:24]} {[%emt 00:05:31]} 26. Bc6 {[%clk 00:11:36]} {[%emt 00:07:33]}
Rd8 {[%clk 00:33:57]} {[%emt 00:07:56]} 27. Qe4 {[%clk 00:08:03]} {[%emt
00:04:04]} Kg8 {[%clk 00:23:04]} {[%emt 00:11:23]} 28. Qh4 {[%clk 00:06:53]}
{[%emt 00:01:40]} Be7 {[%clk 00:18:59]} {[%emt 00:04:35]} 29. Qh6 {[%clk
00:05:40]} {[%emt 00:01:43]} Bf8 {[%clk 00:16:19]} {[%emt 00:03:10]} 1/2-1/2

[Event "ODJM A 2023"]
[Site "Willingen GER"]
[Date "2023.05.28"]
[Round "2"]
[White "Frohnhäuser, Simon"]
[Black "Koll, Linus"]
[Result "1/2-1/2"]
[Termination "normal"]
[Board "15"]
[WhiteElo "1901"]
[BlackElo "2084"]
[WhiteClock "00:01:52"]
[BlackClock "00:14:41"]
[PlyCount "117"]
[WhiteFideId "16208528"]
[BlackFideId "12990299"]
[EventCountry "GER"]
[EventRounds "9"]
[EventType "swiss"]
[EventDate "2023.05.27"]

1. e4 {[%clk 01:30:57]} {[%emt 00:00:02]} c5 {[%clk 01:30:58]} {[%emt
00:00:03]} 2. Nf3 {[%clk 01:31:22]} {[%emt 00:00:04]} Nc6 {[%clk 01:31:25]}
{[%emt 00:00:04]} 3. d4 {[%clk 01:30:18]} {[%emt 00:01:34]} cxd4 {[%clk
01:31:50]} {[%emt 00:00:04]} 4. Nxd4 {[%clk 01:30:42]} {[%emt 00:00:07]} g6
{[%clk 01:32:15]} {[%emt 00:00:05]} 5. Nc3 {[%clk 01:30:30]} {[%emt 00:00:42]}
Bg7 {[%clk 01:32:41]} {[%emt 00:00:04]} 6. Be3 {[%clk 01:29:31]} {[%emt
00:01:28]} Nf6 {[%clk 01:33:07]} {[%emt 00:00:05]} 7. Bc4 {[%clk 01:17:52]}
{[%emt 00:12:09]} O-O {[%clk 01:33:27]} {[%emt 00:00:11]} 8. Bb3 {[%clk
01:16:13]} {[%emt 00:02:08]} d6 {[%clk 01:33:41]} {[%emt 00:00:16]} 9. f3
{[%clk 01:15:21]} {[%emt 00:01:22]} Bd7 {[%clk 01:34:05]} {[%emt 00:00:06]} 10.
Qd2 {[%clk 01:15:45]} {[%emt 00:00:05]} Rc8 {[%clk 01:34:30]} {[%emt 00:00:05]}
11. O-O-O {[%clk 01:16:08]} {[%emt 00:00:07]} Nxd4 {[%clk 01:34:54]} {[%emt
00:00:06]} 12. Bxd4 {[%clk 01:16:33]} {[%emt 00:00:06]} b5 {[%clk 01:35:19]}
{[%emt 00:00:06]} 13. Nd5 {[%clk 01:16:55]} {[%emt 00:00:07]} Nxd5 {[%clk
01:35:40]} {[%emt 00:00:09]} 14. Bxg7 {[%clk 01:17:19]} {[%emt 00:00:05]} Kxg7
{[%clk 01:36:07]} {[%emt 00:00:04]} 15. exd5 {[%clk 01:17:35]} {[%emt
00:00:14]} Kg8 {[%clk 01:21:55]} {[%emt 00:14:42]} 16. h4 {[%clk 01:17:16]}
{[%emt 00:00:49]} f6 {[%clk 01:22:15]} {[%emt 00:00:10]} 17. h5 {[%clk
01:16:04]} {[%emt 00:01:41]} g5 {[%clk 01:21:56]} {[%emt 00:00:50]} 18. f4
{[%clk 01:16:26]} {[%emt 00:00:08]} g4 {[%clk 01:16:43]} {[%emt 00:05:43]} 19.
Rhe1 {[%clk 01:04:54]} {[%emt 00:12:01]} a5 {[%clk 01:13:27]} {[%emt 00:03:47]}
20. a3 {[%clk 01:05:17]} {[%emt 00:00:07]} Bf5 {[%clk 01:06:58]} {[%emt
00:06:58]} 21. c3 {[%clk 00:58:21]} {[%emt 00:07:26]} b4 {[%clk 01:02:04]}
{[%emt 00:05:24]} 22. axb4 {[%clk 00:58:34]} {[%emt 00:00:17]} axb4 {[%clk
01:01:39]} {[%emt 00:00:56]} 23. c4 {[%clk 00:58:58]} {[%emt 00:00:05]} Qe8
{[%clk 00:25:05]} {[%emt 00:37:03]} 24. Qxb4 {[%clk 00:40:22]} {[%emt
00:19:06]} Rb8 {[%clk 00:22:18]} {[%emt 00:03:18]} 25. Qc3 {[%clk 00:39:57]}
{[%emt 00:00:54]} Qxh5 {[%clk 00:21:05]} {[%emt 00:01:43]} 26. Rh1 {[%clk
00:34:26]} {[%emt 00:06:01]} Qg6 {[%clk 00:20:03]} {[%emt 00:01:33]} 27. Rde1
{[%clk 00:34:09]} {[%emt 00:00:46]} Rb7 {[%clk 00:19:01]} {[%emt 00:01:33]} 28.
Ba4 {[%clk 00:27:09]} {[%emt 00:07:29]} Rfb8 {[%clk 00:13:59]} {[%emt
00:05:32]} 29. Re2 {[%clk 00:18:04]} {[%emt 00:09:35]} Ra7 {[%clk 00:13:07]}
{[%emt 00:01:23]} 30. Bd1 {[%clk 00:15:27]} {[%emt 00:03:07]} Ra1+ {[%clk
00:03:09]} {[%emt 00:10:28]} 31. Kd2 {[%clk 00:15:50]} {[%emt 00:00:06]} Rb7
{[%clk 00:01:39]} {[%emt 00:02:02]} 32. Rhe1 {[%clk 00:15:50]} {[%emt
00:00:29]} Rb1 {[%clk 00:01:27]} {[%emt 00:00:42]} 33. Ke3 {[%clk 00:14:25]}
{[%emt 00:01:55]} g3 {[%clk 00:01:17]} {[%emt 00:00:41]} 34. Kd4 {[%clk
00:06:53]} {[%emt 00:08:01]} Qg4 {[%clk 00:01:03]} {[%emt 00:00:44]} 35. Qe3
{[%clk 00:04:41]} {[%emt 00:02:42]} Qg6 {[%clk 00:01:04]} {[%emt 00:00:30]} 36.
Kc3 {[%clk 00:03:59]} {[%emt 00:01:12]} Ra1 {[%clk 00:00:53]} {[%emt 00:00:41]}
37. Rd2 {[%clk 00:02:52]} {[%emt 00:01:36]} Rc1+ {[%clk 00:01:00]} {[%emt
00:00:24]} 38. Kd4 {[%clk 00:01:53]} {[%emt 00:01:29]} Rb1 {[%clk 00:00:48]}
{[%emt 00:00:43]} 39. Qa3 {[%clk 00:00:53]} {[%emt 00:01:29]} Kg7 {[%clk
00:00:41]} {[%emt 00:00:38]} 40. Rde2 {[%clk 00:00:39]} {[%emt 00:00:44]} Rxd1+
{[%clk 00:00:39]} {[%emt 00:00:32]} 41. Rxd1 {[%clk 00:30:04]} {[%emt
00:01:04]} Bg4 {[%clk 00:30:29]} {[%emt 00:00:40]} 42. Rde1 {[%clk 00:28:20]}
{[%emt 00:02:14]} Bxe2 {[%clk 00:29:57]} {[%emt 00:01:03]} 43. Rxe2 {[%clk
00:25:47]} {[%emt 00:03:03]} h5 {[%clk 00:29:25]} {[%emt 00:01:01]} 44. Qd3
{[%clk 00:15:01]} {[%emt 00:11:16]} Qg4 {[%clk 00:28:29]} {[%emt 00:01:26]} 45.
Qe4 {[%clk 00:09:27]} {[%emt 00:06:04]} f5 {[%clk 00:27:52]} {[%emt 00:01:07]}
46. Qe3 {[%clk 00:09:55]} {[%emt 00:00:02]} h4 {[%clk 00:28:10]} {[%emt
00:00:12]} 47. Kc3 {[%clk 00:09:28]} {[%emt 00:00:57]} Kf8 {[%clk 00:27:00]}
{[%emt 00:01:41]} 48. b4 {[%clk 00:06:05]} {[%emt 00:03:54]} Qg7+ {[%clk
00:27:23]} {[%emt 00:00:06]} 49. Kb3 {[%clk 00:06:33]} {[%emt 00:00:02]} Qa1
{[%clk 00:26:12]} {[%emt 00:01:41]} 50. Re1 {[%clk 00:05:53]} {[%emt 00:01:09]}
Qf6 {[%clk 00:24:51]} {[%emt 00:01:52]} 51. Qe6 {[%clk 00:06:01]} {[%emt
00:00:22]} Rxb4+ {[%clk 00:18:02]} {[%emt 00:07:19]} 52. Kxb4 {[%clk 00:05:49]}
{[%emt 00:00:42]} Qb2+ {[%clk 00:18:28]} {[%emt 00:00:03]} 53. Ka5 {[%clk
00:05:23]} {[%emt 00:00:55]} Qa3+ {[%clk 00:18:43]} {[%emt 00:00:16]} 54. Kb6
{[%clk 00:04:39]} {[%emt 00:01:14]} Qb4+ {[%clk 00:14:40]} {[%emt 00:04:34]}
55. Ka7 {[%clk 00:04:20]} {[%emt 00:00:48]} Qa5+ {[%clk 00:13:37]} {[%emt
00:01:33]} 56. Kb7 {[%clk 00:04:33]} {[%emt 00:00:17]} Qb4+ {[%clk 00:14:02]}
{[%emt 00:00:05]} 57. Kc8 {[%clk 00:04:02]} {[%emt 00:01:01]} Qc5+ {[%clk
00:14:16]} {[%emt 00:00:16]} 58. Kb7 {[%clk 00:01:52]} {[%emt 00:02:40]} Qb4+
{[%clk 00:14:41]} {[%emt 00:00:05]} 59. Kc7 {[%emt 00:00:49]} *

[Event "ODJM A 2023"]
[Site "Willingen GER"]
[Date "2023.05.28"]
[Round "2"]
[White "Hahn, Peter"]
[Black "Gerlach, Felix"]
[Result "0-1"]
[Termination "normal"]
[Board "16"]
[WhiteElo "1814"]
[BlackElo "2078"]
[WhiteClock "00:13:31"]
[BlackClock "00:24:49"]
[PlyCount "82"]
[WhiteFideId "34627316"]
[BlackFideId "12957690"]
[EventCountry "GER"]
[EventRounds "9"]
[EventType "swiss"]
[EventDate "2023.05.27"]

1. d4 {[%clk 01:30:58]} {[%emt 00:00:01]} Nf6 {[%clk 01:30:56]} {[%emt
00:00:04]} 2. c4 {[%clk 01:31:25]} {[%emt 00:00:03]} c5 {[%clk 01:31:23]}
{[%emt 00:00:03]} 3. d5 {[%clk 01:31:52]} {[%emt 00:00:03]} e6 {[%clk
01:31:50]} {[%emt 00:00:02]} 4. Nc3 {[%clk 01:32:19]} {[%emt 00:00:04]} exd5
{[%clk 01:32:17]} {[%emt 00:00:03]} 5. cxd5 {[%clk 01:32:48]} {[%emt 00:00:02]}
d6 {[%clk 01:32:40]} {[%emt 00:00:06]} 6. e4 {[%clk 01:33:01]} {[%emt
00:00:18]} g6 {[%clk 01:33:05]} {[%emt 00:00:04]} 7. Bd3 {[%clk 01:33:25]}
{[%emt 00:00:06]} Bg7 {[%clk 01:33:30]} {[%emt 00:00:04]} 8. h3 {[%clk
01:33:43]} {[%emt 00:00:12]} O-O {[%clk 01:33:55]} {[%emt 00:00:05]} 9. Nf3
{[%clk 01:34:12]} {[%emt 00:00:03]} b5 {[%clk 01:34:18]} {[%emt 00:00:06]} 10.
Nxb5 {[%clk 01:34:03]} {[%emt 00:00:40]} Re8 {[%clk 01:33:58]} {[%emt
00:00:48]} 11. O-O {[%clk 01:34:26]} {[%emt 00:00:08]} Nxe4 {[%clk 01:34:23]}
{[%emt 00:00:04]} 12. Re1 {[%clk 01:34:29]} {[%emt 00:00:28]} a6 {[%clk
01:34:49]} {[%emt 00:00:05]} 13. Na3 {[%clk 01:31:28]} {[%emt 00:03:31]} Nf6
{[%clk 01:35:12]} {[%emt 00:00:05]} 14. Rxe8+ {[%clk 01:28:48]} {[%emt
00:03:12]} Nxe8 {[%clk 01:35:35]} {[%emt 00:00:06]} 15. Nc4 {[%clk 01:27:58]}
{[%emt 00:01:20]} Nd7 {[%clk 01:33:17]} {[%emt 00:02:48]} 16. Bg5 {[%emt
00:14:07]} Qc7 {[%clk 01:28:39]} {[%emt 00:03:05]} 17. Qd2 {[%clk 01:10:27]}
{[%emt 00:06:28]} Bb7 {[%clk 01:25:37]} {[%emt 00:03:32]} 18. Bf1 {[%clk
01:07:08]} {[%emt 00:03:49]} Ndf6 {[%clk 01:15:09]} {[%emt 00:10:58]} 19. Ne3
{[%clk 00:56:39]} {[%emt 00:10:59]} Ne4 {[%clk 01:12:49]} {[%emt 00:02:49]} 20.
Qc2 {[%clk 00:54:58]} {[%emt 00:02:11]} Nxg5 {[%clk 01:08:59]} {[%emt
00:04:19]} 21. Nxg5 {[%clk 00:55:23]} {[%emt 00:00:06]} Qe7 {[%clk 01:05:07]}
{[%emt 00:04:22]} 22. Nf3 {[%clk 00:53:06]} {[%emt 00:02:48]} Nc7 {[%clk
00:58:05]} {[%emt 00:07:31]} 23. Re1 {[%clk 00:51:43]} {[%emt 00:01:54]} Qd7
{[%clk 00:55:21]} {[%emt 00:03:12]} 24. Bc4 {[%clk 00:47:08]} {[%emt 00:05:06]}
Re8 {[%clk 00:51:00]} {[%emt 00:04:50]} 25. Qb3 {[%clk 00:46:47]} {[%emt
00:00:52]} Rb8 {[%clk 00:46:46]} {[%emt 00:04:44]} 26. Nd2 {[%clk 00:41:14]}
{[%emt 00:06:03]} Qd8 {[%clk 00:46:28]} {[%emt 00:00:47]} 27. Qc2 {[%clk
00:39:32]} {[%emt 00:02:13]} Bc8 {[%clk 00:45:23]} {[%emt 00:01:34]} 28. b3
{[%clk 00:39:18]} {[%emt 00:00:45]} Nb5 {[%clk 00:45:18]} {[%emt 00:00:34]} 29.
Qd3 {[%clk 00:39:29]} {[%emt 00:00:21]} h5 {[%clk 00:40:11]} {[%emt 00:05:36]}
30. a4 {[%clk 00:37:15]} {[%emt 00:02:44]} Nc7 {[%clk 00:39:22]} {[%emt
00:01:19]} 31. f4 {[%clk 00:35:13]} {[%emt 00:02:32]} Qh4 {[%clk 00:29:55]}
{[%emt 00:09:57]} 32. Rf1 {[%clk 00:30:56]} {[%emt 00:04:47]} Bh6 {[%clk
00:30:15]} {[%emt 00:00:09]} 33. f5 {[%clk 00:22:51]} {[%emt 00:08:37]} Bxe3+
{[%clk 00:23:19]} {[%emt 00:07:25]} 34. Qxe3 {[%clk 00:22:38]} {[%emt
00:00:43]} Bxf5 {[%clk 00:23:38]} {[%emt 00:00:11]} 35. Nf3 {[%clk 00:23:03]}
{[%emt 00:00:06]} Qd8 {[%clk 00:18:48]} {[%emt 00:05:17]} 36. Qh6 {[%clk
00:22:58]} {[%emt 00:00:38]} Qf8 {[%clk 00:18:31]} {[%emt 00:00:46]} 37. Qg5
{[%clk 00:22:44]} {[%emt 00:00:44]} Re8 {[%clk 00:13:49]} {[%emt 00:05:11]} 38.
Nh4 {[%clk 00:22:19]} {[%emt 00:00:56]} Be4 {[%clk 00:13:47]} {[%emt 00:00:29]}
39. Be2 {[%clk 00:18:17]} {[%emt 00:04:34]} Re5 {[%clk 00:07:05]} {[%emt
00:07:12]} 40. Qg3 {[%clk 00:18:44]} {[%emt 00:00:04]} Bxd5 {[%clk 00:05:42]}
{[%emt 00:01:53]} 41. Bd3 {[%clk 00:13:31]} {[%emt 00:05:43]} Qg7 {[%clk
00:24:49]} {[%emt 00:11:23]} 0-1

[Event "ODJM A 2023"]
[Site "Willingen GER"]
[Date "2023.05.28"]
[Round "2"]
[White "Kamp, Adrian"]
[Black "Gold, Jan Christian"]
[Result "1/2-1/2"]
[Termination "normal"]
[Board "17"]
[WhiteElo "2021"]
[BlackElo "1754"]
[WhiteClock "00:19:29"]
[BlackClock "00:07:57"]
[PlyCount "58"]
[WhiteFideId "16222466"]
[BlackFideId "16298128"]
[EventCountry "GER"]
[EventRounds "9"]
[EventType "swiss"]
[EventDate "2023.05.27"]

1. c4 Nf6 2. Nf3 g6 3. Nc3 d5 4. cxd5 Nxd5 5. e4 Nxc3 6. bxc3 Bg7 7. d4 c5 8.
Be3 Qa5 9. Qd2 O-O 10. Rc1 Rd8 11. Be2 Bg4 12. d5 Nd7 13. O-O c4 14. Nd4 Bxe2
15. Qxe2 Nc5 16. Qc2 e6 17. dxe6 Nxe6 18. Rb1 Nxd4 19. cxd4 Bxd4 20. Rxb7 Rac8
21. Rd1 Bxe3 22. fxe3 Rxd1+ 23. Qxd1 Qxa2 24. Rxf7 c3 25. Qd7 Qa1+ 26. Rf1 Qa6
27. Qd5+ Kh8 28. Qe5+ Kg8 29. Qd5+ Kh8 1/2-1/2